[Event "PNWCC-Bulgaria Memorial Day"]
[Site "Chess.com INT"]
[Date "2022.05.29"]
[Round "?"]
[White "Pang, Ashley"]
[Black "Georgiev, Biser"]
[Result "0-1"]
[WhiteElo "1967"]
[BlackElo "2244"]
[PlyCount "104"]
[EventDate "2022.05.28"]
[EventType "team-match"]
[EventRounds "6"]
[EventCountry "USA"]
[SourceTitle "EXT 2024"]
[Source "ChessBase"]
[SourceDate "2023.10.10"]
[SourceVersion "1"]
[SourceVersionDate "2023.10.10"]
[SourceQuality "1"]
[WhiteTeam "PNWCC"]
[BlackTeam "Bulgaria"]
[WhiteTeamCountry "USA"]
[BlackTeamCountry "BUL"]

1. e4 c5 2. Nc3 Nc6 3. Bb5 Nd4 4. Nf3 Nxb5 5. Nxb5 a6 6. Nc3 e6 7. d4 Qc7 8. 0-0 b5 9. Re1 Bb7 10. a4 b4 11. Nb1 Nf6 12. e5 Nd5 13. c4 bxc3 14. Nxc3 cxd4 15. Nxd5 Bxd5 16. Nxd4 g6 17. Re2 Bg7 18. Bf4 0-0 19. Rc1 Qb6 20. Be3 Qb7 21. f4 f6 22. exf6 Bxf6 23. Rf2 Rac8 24. Rfc2 Rxc2 25. Rxc2 Qb4 26. Rf2 Bh4 27. g3 Bf6 28. h4 h5 29. Kh2 Qc4 30. Qc2 Qxc2 31. Nxc2 Rb8 32. b4 Be7 33. a5 Bxb4 34. Nxb4 Rxb4 35. Bb6 Rb1 36. Kh3 Kf7 37. Bd4 Bc6 38. Rb2 Rd1 39. Bb6 Kf6 40. Re2 Bf3 41. Bd8+ Kf7 42. Rf2 Rh1+ 43. Rh2 Rb1 44. Rd2 Ke8 45. Bb6 d5 46. Rf2 Be4 47. Re2 Kd7 48. Rd2 Kc6 49. Bd4 Kb5 50. Bb6 Kc4 51. Ba7 Kc3 52. Re2 Rh1+ 0-1

[Event "PNWCC-Bulgaria Memorial Day"]
[Site "Chess.com INT"]
[Date "2022.05.29"]
[Round "?"]
[White "Simeonov, Stefan"]
[Black "Pang, Ashley"]
[Result "1-0"]
[WhiteElo "2230"]
[BlackElo "1967"]
[PlyCount "73"]
[EventDate "2022.05.28"]
[EventType "team-match"]
[EventRounds "6"]
[EventCountry "USA"]
[SourceTitle "EXT 2024"]
[Source "ChessBase"]
[SourceDate "2023.10.10"]
[SourceVersion "1"]
[SourceVersionDate "2023.10.10"]
[SourceQuality "1"]
[WhiteTeam "Bulgaria"]
[BlackTeam "PNWCC"]
[WhiteTeamCountry "BUL"]
[BlackTeamCountry "USA"]

1. e4 e5 2. Nf3 Nf6 3. Nxe5 d6 4. Nf3 Nxe4 5. d4 d5 6. Bd3 Bd6 7. 0-0 0-0 8. c4 c6 9. Qc2 Na6 10. a3 f5 11. Nc3 Nc7 12. Re1 Kh8 13. c5 Be7 14. Ne2 g5 15. Ne5 Bf6 16. f3 Bxe5 17. dxe5 Qe7 18. b4 a5 19. Bb2 g4 20. fxe4 fxe4 21. Bxe4 dxe4 22. e6+ Kg8 23. Qc3 Bxe6 24. Rf1 Rf5 25. Rxf5 Bxf5 26. Rf1 axb4 27. Qh8+ Kf7 28. Rxf5+ Kg6 29. Qf6+ Qxf6 30. Rxf6+ Kg5 31. Ng3 e3 32. Ne4+ Kh5 33. Rf5+ Kh6 34. axb4 Ra2 35. Bd4 Nd5 36. Rg5 Rxg2+ 37. Kh1 1-0

[Event "PNWCC vs Europe Hybrid 05"]
[Site "Chess.com INT"]
[Date "2022.05.08"]
[Round "3"]
[White "Kirilov, Ivaylo"]
[Black "Pang, Ashley"]
[Result "1/2-1/2"]
[WhiteElo "2085"]
[BlackElo "1967"]
[PlyCount "104"]
[EventDate "2022.05.07"]
[EventType "team-tourn"]
[EventRounds "4"]
[EventCountry "USA"]
[SourceTitle "EXT 2023"]
[Source "ChessBase"]
[SourceDate "2022.10.05"]
[SourceVersion "1"]
[SourceVersionDate "2022.10.05"]
[SourceQuality "1"]
[WhiteTeam "Europe"]
[BlackTeam "PNWCC"]
[BlackTeamCountry "USA"]

1. Nf3 Nf6 2. g3 g6 3. Bg2 Bg7 4. d3 d5 5. 0-0 0-0 6. Nbd2 c5 7. e4 e6 8. Re1 Nc6 9. h4 b6 10. Nf1 Bb7 11. e5 Ng4 12. Bf4 h5 13. N1h2 Nh6 14. Qd2 Nf5 15. Ng5 Rc8 16. c3 b5 17. Nhf3 Qb6 18. Bh3 Nce7 19. Kh2 Rfd8 20. d4 a5 21. Be3 Nxe3 22. Qxe3 cxd4 23. Nxd4 Rb8 24. Nxf7 Kxf7 25. Bxe6+ Kf8 26. Qf4+ Nf5 27. Bxf5 gxf5 28. Qxf5+ Kg8 29. Qxh5 Rf8 30. f4 Rbe8 31. Re3 Bc8 32. Rae1 b4 33. f5 bxc3 34. bxc3 Qh6 35. Qxh6 Bxh6 36. Rf3 Bg7 37. g4 Bxe5+ 38. Kh3 Bxd4 39. Rxe8 Rxe8 40. cxd4 Bd7 41. h5 Re4 42. Kh4 Rxd4 43. Kg5 Re4 44. h6 Be8 45. Rg3 d4 46. Rd3 Bb5 47. Rb3 Be2 48. Rb8+ Kh7 49. Rb7+ Kh8 50. Rb8+ Kh7 51. Rb7+ Kh8 52. Rb8+ Kh7 1/2-1/2

[Event "PNWCC vs Europe Hybrid 05"]
[Site "Chess.com INT"]
[Date "2022.05.08"]
[Round "4"]
[White "Pang, Ashley"]
[Black "Mishev, Liubomir"]
[Result "0-1"]
[WhiteElo "1967"]
[BlackElo "2096"]
[PlyCount "150"]
[EventDate "2022.05.07"]
[EventType "team-tourn"]
[EventRounds "4"]
[EventCountry "USA"]
[SourceTitle "EXT 2023"]
[Source "ChessBase"]
[SourceDate "2022.10.05"]
[SourceVersion "1"]
[SourceVersionDate "2022.10.05"]
[SourceQuality "1"]
[WhiteTeam "PNWCC"]
[BlackTeam "Europe"]
[WhiteTeamCountry "USA"]

1. e4 c5 2. Nc3 a6 3. g3 Nc6 4. Nf3 g6 5. Bg2 Bg7 6. d3 d6 7. 0-0 Nf6 8. Ne2 h6 9. c3 0-0 10. Ne1 e5 11. Nc2 d5 12. exd5 Nxd5 13. d4 exd4 14. cxd4 Bg4 15. dxc5 Nc3 16. bxc3 Qxd1 17. Rxd1 Bxe2 18. Rd2 Rfe8 19. Nd4 Bc4 20. Ba3 Rac8 21. Rb1 Rcd8 22. Bxc6 bxc6 23. Rbd1 Bxd4 24. cxd4 Rb8 25. Rc2 Bd5 26. Bc1 Rb1 27. Rf1 g5 28. Bd2 Reb8 29. a3 R8b3 30. Rxb1 Rxb1+ 31. Rc1 Rb3 32. Rc3 Rb2 33. Bc1 Ra2 34. h3 f6 35. g4 Ra1 36. Kh2 Kf7 37. Kg3 Ra2 38. Be3 Re2 39. Rd3 Re1 40. f3 Rf1 41. Bf2 Kg6 42. Kg2 Rb1 43. Rc3 Rb2 44. Kg3 h5 45. gxh5+ Kxh5 46. Kg2 a5 47. Kg1 a4 48. Re3 Rb1+ 49. Be1 Bc4 50. Kg2 Rd1 51. Bc3 Bd5 52. Kf2 Rh1 53. Kg2 Rb1 54. Bb4 f5 55. Kf2 f4 56. Rd3 Rb2+ 57. Rd2 Rb3 58. Kg2 Rxf3 59. Kh2 Kh4 60. Re2 Rxh3+ 61. Kg1 Rh1+ 62. Kf2 g4 63. Re7 g3+ 64. Ke2 g2 65. Rh7+ Kg4 66. Rg7+ Kf5 67. Kf2 Rf1+ 68. Ke2 f3+ 69. Ke3 g1Q+ 70. Rxg1 Rxg1 71. Kf2 Rg2+ 72. Kf1 Bc4+ 73. Ke1 f2+ 74. Kd2 f1Q+ 75. Kc3 Qd3# 0-1

[Event "PNWCC-Bulgaria Hybrid m3"]
[Site "Chess.com INT"]
[Date "2022.01.29"]
[Round "2"]
[White "Vasilev, Plamen"]
[Black "Pang, Ashley"]
[Result "1-0"]
[WhiteElo "2105"]
[BlackElo "1986"]
[PlyCount "133"]
[EventDate "2022.01.29"]
[EventType "team-match"]
[EventRounds "4"]
[EventCountry "USA"]
[SourceTitle "CBM 206 Extra"]
[Source "ChessBase"]
[SourceDate "2022.03.31"]
[SourceVersion "1"]
[SourceVersionDate "2022.03.31"]
[SourceQuality "1"]
[WhiteTeam "Bulgaria"]
[BlackTeam "PNWCC"]
[WhiteTeamCountry "BUL"]
[BlackTeamCountry "USA"]

1. d4 Nf6 2. g3 g6 3. Bg2 Bg7 4. c4 d6 5. Nc3 0-0 6. e4 Nc6 7. Nge2 e5 8. d5 Nd4 9. 0-0 Nxe2+ 10. Qxe2 Nd7 11. b4 a5 12. Ba3 f5 13. bxa5 Rxa5 14. Bb4 Ra8 15. a4 b6 16. a5 Ba6 17. Nb5 Bxb5 18. cxb5 bxa5 19. Bxa5 Nc5 20. Qc4 Qd7 21. Bb4 Nxe4 22. Bxe4 fxe4 23. Rxa8 Rxa8 24. Qc6 Qxc6 25. dxc6 Bf8 26. Rd1 Rb8 27. Bxd6 Rd8 28. b6 cxb6 29. c7 Rc8 30. Bxf8 Rxc7 31. Bd6 Rd7 32. Rd2 Kf7 33. Bb4 Rd4 34. Bc3 Rd3 35. Rxd3 exd3 36. f3 Ke6 37. Kf2 Kd5 38. Ke3 Kc4 39. Bxe5 b5 40. f4 b4 41. Kd2 h5 42. Ke3 b3 43. Bb2 h4 44. g4 h3 45. f5 gxf5 46. gxf5 Kd5 47. Kxd3 Kd6 48. Ke4 Ke7 49. Kf4 Kf7 50. Kg4 Kg8 51. Kxh3 Kf7 52. Kg4 Kf8 53. Kg5 Kf7 54. h4 Kg8 55. Kg6 Kf8 56. h5 Kg8 57. h6 Kf8 58. h7 Ke7 59. h8Q Kd6 60. Qe5+ Kd7 61. Qe6+ Kc7 62. Kf6 Kd8 63. Qf7 Kc8 64. Ke6 Kb8 65. Kd6 Ka8 66. Kc6 Kb8 67. Qb7# 1-0

[Event "PNWCC-Bulgaria Hybrid m2"]
[Site "Chess.com INT"]
[Date "2021.12.23"]
[Round "12"]
[White "Pang, Ashley"]
[Black "Rahnev, Alexandr"]
[Result "1-0"]
[WhiteElo "1901"]
[BlackElo "2033"]
[PlyCount "47"]
[EventDate "2021.12.18"]
[EventType "team-match"]
[EventRounds "12"]
[EventCountry "USA"]
[SourceTitle "CBM 206 Extra"]
[Source "ChessBase"]
[SourceDate "2022.03.31"]
[SourceVersion "1"]
[SourceVersionDate "2022.03.31"]
[SourceQuality "1"]
[WhiteTeam "PNWCC"]
[BlackTeam "Bulgaria"]
[WhiteTeamCountry "USA"]
[BlackTeamCountry "BUL"]

1. e4 e5 2. Nf3 Nc6 3. Bc4 Nf6 4. d3 h6 5. c3 d6 6. Nbd2 g6 7. Nf1 Bg7 8. Ng3 0-0 9. h3 Na5 10. Bb5 a6 11. Ba4 b5 12. Bc2 c5 13. Be3 Qc7 14. Qd2 Kh7 15. b3 b4 16. cxb4 cxb4 17. Qxb4 Qxc2 18. Qxa5 Qxd3 19. Rd1 Qb5 20. Qxb5 axb5 21. Rxd6 Rxa2 22. 0-0 Rb2 23. b4 Rxb4 24. Rxf6 1-0

[Event "PNWCC-Bulgaria Hybrid m2"]
[Site "Chess.com INT"]
[Date "2021.12.22"]
[Round "10"]
[White "Popov, Ilian"]
[Black "Pang, Ashley"]
[Result "0-1"]
[WhiteElo "2104"]
[BlackElo "1901"]
[PlyCount "72"]
[EventDate "2021.12.18"]
[EventType "team-match"]
[EventRounds "12"]
[EventCountry "USA"]
[SourceTitle "CBM 206 Extra"]
[Source "ChessBase"]
[SourceDate "2022.03.31"]
[SourceVersion "1"]
[SourceVersionDate "2022.03.31"]
[SourceQuality "1"]
[WhiteTeam "Bulgaria"]
[BlackTeam "PNWCC"]
[WhiteTeamCountry "BUL"]
[BlackTeamCountry "USA"]

1. e4 c5 2. Nf3 Nc6 3. d4 cxd4 4. Nxd4 g6 5. Nc3 Bg7 6. Be3 Nf6 7. Be2 0-0 8. 0-0 d6 9. Nb3 Be6 10. f4 Rc8 11. g4 Na5 12. g5 Nd7 13. Bd4 Bc4 14. Bxg7 Kxg7 15. Qd4+ e5 16. Qxd6 Bxe2 17. Nxe2 Nc4 18. Qd3 Nxb2 19. Qh3 Rxc2 20. Ng3 exf4 21. Qh6+ Kg8 22. Rxf4 Qb6+ 23. Kh1 f5 24. gxf6 Rxf6 25. Raf1 Nd3 26. Rxf6 Nxf6 27. Nd2 Nf2+ 28. Kg2 N6g4 29. Qg5 Ne3+ 30. Kf3 Nxf1 31. Qd5+ Kf8 32. Ngxf1 Rc3+ 33. Kg2 Nh3 34. Ne3 Nf4+ 35. Kf1 Nxd5 36. Nxd5 Rc1+ 0-1

[Event "Milpitas Silicon Valley op 1st"]
[Site "Milpitas"]
[Date "2021.05.23"]
[Round "5"]
[White "Pang, Ashley"]
[Black "Baradaran, Arman"]
[Result "0-1"]
[WhiteElo "1725"]
[BlackElo "1980"]
[PlyCount "88"]
[EventDate "2021.05.22"]
[EventType "swiss"]
[EventRounds "5"]
[EventCountry "USA"]
[SourceTitle "CBM 203 Extra"]
[Source "ChessBase"]
[SourceDate "2021.09.30"]
[SourceVersion "1"]
[SourceVersionDate "2021.09.30"]
[SourceQuality "1"]

1. e4 e5 2. Nf3 Nc6 3. Bc4 Bc5 4. c3 Nf6 5. d3 0-0 6. a4 a5 7. 0-0 d5 8. exd5 Nxd5 9. Nbd2 Nb6 10. Re1 Nxc4 11. Nxc4 f6 12. Be3 Bxe3 13. Nxe3 Be6 14. Qc2 Qd7 15. Reb1 Rfd8 16. Ne1 Qf7 17. Ra3 Rd7 18. b4 axb4 19. cxb4 Nd4 20. Qb2 f5 21. Nf3 Nxf3+ 22. gxf3 Rd4 23. f4 Rad8 24. Nc2 Qg6+ 25. Kf1 Rxd3 26. Rxd3 Rxd3 27. Ne3 exf4 28. Qc2 Rd6 29. Ng2 f3 30. Ne3 f4 31. Qxg6 Bh3+ 32. Ke1 Rxg6 33. Nd1 Bf5 34. Rc1 Re6+ 35. Kd2 Re2+ 36. Kc3 Kf7 37. b5 b6 38. Kd4 Ke6 39. Rc6+ Kd7 40. Nc3 Rxf2 41. Nd5 Rd2+ 42. Ke5 Rxd5+ 43. Kxd5 f2 44. Rc1 Bd3 0-1

[Event "PNWCC Online blitz JP 2nd"]
[Site "Chess.com INT"]
[Date "2020.03.21"]
[Round "1"]
[White "Pang, Ashley"]
[Black "He, Anthony B"]
[Result "0-1"]
[WhiteElo "1725"]
[BlackElo "2337"]
[PlyCount "60"]
[EventDate "2020.03.21"]
[EventType "swiss (blitz)"]
[EventRounds "11"]
[EventCountry "USA"]
[SourceTitle "CBM 195 Extra"]
[Source "ChessBase"]
[SourceDate "2020.05.31"]
[SourceVersion "1"]
[SourceVersionDate "2020.05.31"]
[SourceQuality "1"]

1. e4 c5 2. Nf3 Nc6 3. Bb5 g6 4. Bxc6 bxc6 5. 0-0 Bg7 6. d3 d6 7. Re1 e5 8. c3 Bg4 9. Be3 Ne7 10. h3 Bxf3 11. Qxf3 0-0 12. Nd2 f5 13. exf5 gxf5 14. Bg5 Rc8 15. Qg3 Kh8 16. Qh4 Rf7 17. f4 Qf8 18. fxe5 Ng6 19. Qf2 dxe5 20. Be3 Qd8 21. Bxc5 Nf4 22. Qe3 Nxd3 23. Red1 f4 24. Qe2 Nxc5 25. Ne4 Qb6 26. Qc4 Nxe4+ 27. Kh1 Ng3+ 28. Kh2 Rcf8 29. Rd6 Qf2 30. Rxc6 f3 0-1

[Event "PNWCC Online blitz JP 2nd"]
[Site "Chess.com INT"]
[Date "2020.03.21"]
[Round "8"]
[White "Pang, Ashley"]
[Black "Liu, Eric"]
[Result "1-0"]
[WhiteElo "1725"]
[BlackElo "1532"]
[PlyCount "135"]
[EventDate "2020.03.21"]
[EventType "swiss (blitz)"]
[EventRounds "11"]
[EventCountry "USA"]
[SourceTitle "CBM 195 Extra"]
[Source "ChessBase"]
[SourceDate "2020.05.31"]
[SourceVersion "1"]
[SourceVersionDate "2020.05.31"]
[SourceQuality "1"]

1. e4 e6 2. d3 d5 3. Nd2 c5 4. Ngf3 Nc6 5. g3 Nf6 6. Bg2 Be7 7. 0-0 0-0 8. Re1 b6 9. e5 Nd7 10. Nf1 Bb7 11. Bf4 Qc7 12. Ne3 b5 13. Nxd5 exd5 14. e6 Bd6 15. Bxd6 Qxd6 16. exd7 Qxd7 17. Ne5 Nxe5 18. Rxe5 Rfe8 19. Qe1 Rxe5 20. Qxe5 Re8 21. Qh5 Qe6 22. c4 bxc4 23. dxc4 Qb6 24. cxd5 Qxb2 25. Qd1 Qe5 26. Rb1 Ba8 27. Kf1 Rd8 28. Qd2 h6 29. Rd1 Rd6 30. Qe3 Qxe3 31. fxe3 f6 32. Ke2 Bb7 33. Kd3 Kf7 34. Kc4 Ra6 35. Rd2 Ke8 36. Kxc5 Bc8 37. d6 Bd7 38. Bb7 Rb6 39. Bd5 Rb5+ 40. Kc4 Ra5 41. Rb2 Ra4+ 42. Kc3 Bc8 43. Bc6+ Bd7 44. Bxa4 Bxa4 45. Rb7 Bd7 46. Rxa7 Kd8 47. Ra8+ Bc8 48. Ra7 Bd7 49. Kc4 Kc8 50. Kd5 Bh3 51. Rxg7 Bg2+ 52. Ke6 Bh3+ 53. Ke7 Bf5 54. Rg8+ Kb7 55. d7 Bxd7 56. Kxd7 f5 57. Rf8 h5 58. Rxf5 h4 59. Rh5 Kb6 60. Rxh4 Kc5 61. g4 Kd5 62. g5 Ke5 63. g6 Kf6 64. Rg4 Kg7 65. h4 Kh6 66. g7 Kh5 67. g8Q Kh6 68. Qg6# 1-0

[Event "PNWCC Online blitz JP 2nd"]
[Site "Chess.com INT"]
[Date "2020.03.21"]
[Round "10"]
[White "Pang, Ashley"]
[Black "Vu, Leonard"]
[Result "1/2-1/2"]
[WhiteElo "1725"]
[BlackElo "1813"]
[PlyCount "65"]
[EventDate "2020.03.21"]
[EventType "swiss (blitz)"]
[EventRounds "11"]
[EventCountry "USA"]
[SourceTitle "CBM 195 Extra"]
[Source "ChessBase"]
[SourceDate "2020.05.31"]
[SourceVersion "1"]
[SourceVersionDate "2020.05.31"]
[SourceQuality "1"]

1. e4 c5 2. Nf3 d6 3. Bb5+ Bd7 4. Bxd7+ Nxd7 5. 0-0 Ngf6 6. Re1 g6 7. c3 Bg7 8. d4 0-0 9. h3 d5 10. e5 Ne4 11. Nbd2 Nxd2 12. Bxd2 e6 13. Be3 b6 14. a4 Rb8 15. Qd2 Qc7 16. Rec1 b5 17. b4 c4 18. a5 a6 19. Bh6 f6 20. Bxg7 Kxg7 21. Re1 fxe5 22. Nxe5 Nxe5 23. Rxe5 Qf7 24. Rae1 Rbe8 25. R1e2 Re7 26. Qe1 Rfe8 27. Qd2 Qf6 28. Qe3 Kf7 29. Qh6 Qg7 30. Qf4+ Qf6 31. Qh6 Qg7 32. Qf4+ Qf6 33. Qh6 1/2-1/2

[Event "San Francisco Donaldson-ch"]
[Site "San Francisco"]
[Date "2019.12.21"]
[Round "3"]
[White "Pang, Ashley"]
[Black "Guo, Andrew"]
[Result "1/2-1/2"]
[WhiteElo "1860"]
[BlackElo "1556"]
[PlyCount "57"]
[EventDate "2019.12.21"]
[EventType "swiss"]
[EventRounds "5"]
[EventCountry "USA"]
[SourceTitle "CBM 194 Extra"]
[Source "ChessBase"]
[SourceDate "2020.03.31"]
[SourceVersion "1"]
[SourceVersionDate "2020.03.31"]
[SourceQuality "1"]

1. e4 c5 2. d4 cxd4 3. c3 dxc3 4. Nxc3 e6 5. Nf3 d6 6. Bc4 Nc6 7. 0-0 Nf6 8. Qe2 Be7 9. Rd1 Bd7 10. Nb5 Qb8 11. Bf4 e5 12. Bg5 a6 13. Nc3 b5 14. Bb3 Bg4 15. Qd3 Bxf3 16. Qxf3 Nd4 17. Qd3 0-0 18. Ne2 Ne6 19. Bxf6 gxf6 20. Bxe6 fxe6 21. Qb3 Qc8 22. Rac1 Qd7 23. f4 Kh8 24. Rc3 Qa7+ 25. Kf1 Qd7 26. Kg1 Qa7+ 27. Kf1 Qd7 28. Kg1 Qa7+ 29. Kf1 1/2-1/2

[Event "Wch U12 Girls"]
[Site "Santiago de Compostela"]
[Date "2018.11.14"]
[Round "10"]
[White "Pang, Ashley"]
[Black "Mihelic, Vesna"]
[Result "1-0"]
[WhiteElo "1604"]
[BlackElo "1741"]
[PlyCount "55"]
[EventDate "2018.11.04"]
[EventType "swiss"]
[EventRounds "11"]
[EventCountry "ESP"]
[SourceTitle "EXT 2022"]
[Source "ChessBase"]
[SourceDate "2021.10.06"]
[SourceVersion "1"]
[SourceVersionDate "2021.10.06"]
[SourceQuality "1"]

1. e4 e5 2. Nc3 Nf6 3. f4 d5 4. fxe5 Nxe4 5. Nf3 Bc5 6. d4 Bb4 7. Bd2 Nxd2 8. Qxd2 Bg4 9. Bd3 0-0 10. Qf4 Bh5 11. h4 Qd7 12. Bf5 Qc6 13. Kd2 Nd7 14. g4 Bg6 15. h5 Bxf5 16. gxf5 Nb6 17. a3 Nc4+ 18. Ke2 Nxb2 19. f6 Bxc3 20. Qg5 Qc4+ 21. Ke3 Bxd4+ 22. Nxd4 Qc3+ 23. Ke2 Qc4+ 24. Ke3 Qc3+ 25. Ke2 Qc4+ 26. Kf3 Qc3+ 27. Kg2 g6 28. Qh6 1-0

[Event "Wch U12 Girls"]
[Site "Santiago de Compostela"]
[Date "2018.11.10"]
[Round "6"]
[White "Menon, Gauri"]
[Black "Pang, Ashley"]
[Result "1-0"]
[WhiteElo "1592"]
[BlackElo "1604"]
[PlyCount "79"]
[EventDate "2018.11.04"]
[EventType "swiss"]
[EventRounds "11"]
[EventCountry "ESP"]
[SourceTitle "EXT 2022"]
[Source "ChessBase"]
[SourceDate "2021.10.06"]
[SourceVersion "1"]
[SourceVersionDate "2021.10.06"]
[SourceQuality "1"]

1. Nf3 Nf6 2. g3 g6 3. Bg2 Bg7 4. d4 d6 5. c4 0-0 6. 0-0 Nbd7 7. Nc3 e5 8. e4 Nh5 9. d5 f5 10. Ng5 Ndf6 11. b4 h6 12. Ne6 Bxe6 13. dxe6 Qc8 14. exf5 gxf5 15. Bd5 Re8 16. e7+ Nxd5 17. Nxd5 Nf6 18. Bxh6 Nxd5 19. Qxd5+ Kh7 20. Bg5 Kg6 21. Qd2 Bf6 22. h4 Rxe7 23. Bxf6 Kxf6 24. Qh6+ Kf7 25. h5 Qg8 26. Qd2 Kf6 27. Qh6+ Kf7 28. Kg2 Re6 29. Qd2 Qg4 30. Rh1 c6 31. Rh4 Qg7 32. h6 Qg6 33. h7 Rh8 34. Rah1 Ke7 35. Rh6 Qf7 36. Rxe6+ Qxe6 37. Rh6 Qxc4 38. Qxd6+ Ke8 39. Re6+ Kf7 40. Qe7# 1-0

[Event "Wch U12 Girls"]
[Site "Santiago de Compostela"]
[Date "2018.11.05"]
[Round "2"]
[White "Pang, Ashley"]
[Black "Munkhzul, Davaakhuu"]
[Result "0-1"]
[WhiteElo "1604"]
[BlackElo "1781"]
[PlyCount "80"]
[EventDate "2018.11.04"]
[EventType "swiss"]
[EventRounds "11"]
[EventCountry "ESP"]
[SourceTitle "EXT 2022"]
[Source "ChessBase"]
[SourceDate "2021.10.06"]
[SourceVersion "1"]
[SourceVersionDate "2021.10.06"]
[SourceQuality "1"]

1. e4 c5 2. Nf3 e6 3. d4 cxd4 4. Nxd4 Nf6 5. Nc3 Nc6 6. Ndb5 Bb4 7. a3 Bxc3+ 8. Nxc3 d5 9. exd5 exd5 10. Bd3 0-0 11. 0-0 Bg4 12. f3 Be6 13. Bg5 Ne5 14. Bxf6 Qxf6 15. f4 Ng4 16. Qf3 d4 17. Ne2 Ne3 18. Rfe1 Bd5 19. Be4 Bxe4 20. Qxe4 Rfe8 21. Qd3 Qc6 22. Qxe3 Rxe3 23. Nxd4 Rxe1+ 24. Rxe1 Qb6 25. c3 Qxb2 26. Nf5 Qxc3 27. Re3 Qc5 28. Ne7+ Kf8 29. Kf2 Re8 30. Kf3 Rxe7 31. Rd3 Qc6+ 32. Kg3 Qg6+ 33. Kh4 Qxd3 34. g4 Re3 35. g5 Rh3+ 36. Kg4 Qf3+ 37. Kf5 Qd5+ 38. Kg4 h5+ 39. Kxh3 Qf3+ 40. Kh4 Qg4# 0-1

[Event "Windsor NAYCC U10 Girls"]
[Site "Windsor"]
[Date "2016.08.07"]
[Round "1.151"]
[White "Pang, Ashley"]
[Black "Gilani, Mysha"]
[Result "1-0"]
[WhiteElo "1107"]
[BlackElo "1472"]
[PlyCount "33"]
[EventDate "2016.08.07"]
[EventType "swiss"]
[EventRounds "9"]
[EventCountry "CAN"]
[SourceTitle "EXT 2022"]
[Source "ChessBase"]
[SourceDate "2021.10.06"]
[SourceVersion "1"]
[SourceVersionDate "2021.10.06"]
[SourceQuality "1"]

1. e4 e5 2. Nf3 Nc6 3. d4 exd4 4. Nxd4 Bc5 5. Be3 Bb6 6. Nxc6 bxc6 7. Bxb6 cxb6 8. Bd3 Nf6 9. 0-0 0-0 10. e5 Nd5 11. Qh5 g6 12. Qh6 Re8 13. f4 Ne3 14. f5 Nxf1 15. f6 Qxf6 16. exf6 Re1 17. Qg7# 1-0